ბათუმის შოთა რუსთაველის სახელმწიფო უნივერსიტეტის ბიბლიოთეკა

მსოფლიოს ფიზიკური რუკა (ბიბ.ჩანაწერი № 43869)

000 -LEADER
fixed length control field 00543nam a2200181Ia 4500
001 - CONTROL NUMBER
control field 10618
003 - CONTROL NUMBER IDENTIFIER
control field GE_BSU
008 - FIXED-LENGTH DATA ELEMENTS--GENERAL INFORMATION
fixed length control field 181216s||||||||xx |||||||||||||| ||und||
040 ## - CATALOGING SOURCE
Transcribing agency GE_BSU
245 ## - TITLE STATEMENT
Title მსოფლიოს ფიზიკური რუკა
245 ## - TITLE STATEMENT
Remainder of title 1:35 000 000 (1სმ–ში 350კმ)
260 ## - PUBLICATION, DISTRIBUTION, ETC.
Place of publication, distribution, etc. თბილისი
260 ## - PUBLICATION, DISTRIBUTION, ETC.
Name of publisher, distributor, etc. ს/ს კარტოგრაფია
260 ## - PUBLICATION, DISTRIBUTION, ETC.
Date of publication, distribution, etc. 2012
653 ## - INDEX TERM--UNCONTROLLED
Uncontrolled term მსოფლიოს ფიზიკური რუკა
942 ## - ADDED ENTRY ELEMENTS (KOHA)
Koha item type რუკები
ეგზემპლარები
Withdrawn status Lost status Damaged status Not for loan Date acquired Barcode Date last seen Price effective from Koha item type Public note
        2018-12-17 34520 2018-12-17 2018-12-17 რუკები  
        2018-12-17 34521 2018-12-17 2018-12-17 რუკები  
        2018-12-17 34522 2018-12-17 2018-12-17 რუკები არის გეოგრ.-ს დეპ-ში(მიღ.-ჩაბ-ს აქტი№18)